000 01378cam a22003737a 4500
003 CHAP
005 20220329141832.0
008 971127d1997 mx r 00110 spa d
010 _a74561
011 _a75533
035 _a85097
040 _cCHAP
090 _aTesis
100 0 0 _aNarváez Guerrero, María del Consuelo.
_980248
245 1 0 _aComportamiento de corderos alimentados con diferentes niveles de rastrojo de maíz en dietas a base de concentrado
_c/por Ma. del Consuelo Narváez Guerrero
260 _aChapingo, Méx. :
_bEl autor,
_c1997.
300 _a82 h. :
_bgráfs.
502 _aTesis (M.C. en Producción Animal) -- UACH. Departamento de Zootecnia
590 _aALEPH
_b10
_c20130110
_lUCH01
_h1420
590 _aBATCH-UPD
_b10
_c20130110
_lUCH01
_h1157
590 _aBATCH-UPD
_b10
_c20130410
_lUCH01
_h0740
590 _aBATCH-UPD
_b10
_c20130914
_lUCH01
_h1518
590 _aCONVERSION
_b10
_c20130109
_lUCH01
_h1341
650 1 4 _aGanado lanar
_xAlimentación.
_945153
650 1 4 _aMaíz
_xSubproductos.
_971064
650 1 4 _aMinerales en nutrición animal.
_975937
650 1 4 _aUrea en alimentación animal.
_9116890
650 2 4 _aMaíz como forraje.
_971109
901 _aBK
905 _aAlejandra Carrasco M.
942 _cFOLL
949 _bBC
_cTES
_d33724000637229
_eTS2
_fc.2
_h31552
_i85097
_sb
949 _bBC
_cTES
_d850971
_eTS1
_h31551
_i85097
_sb
999 _c74561
_d74561